000 01812nam0a2200361 4500
001 RU\NLR\bibl\329848
005 20260407081944.0
021 _aRU
_b2002-35001
_91709
035 _a(NLR Aleph) 000324819
090 _a119995
_c119995
100 _a20021016d2002 |||y0rusy50 ca
101 0 _arus
102 _aRU
105 _aa |||||||||
200 1 _aПерспективы и опыт применения сжиженного природного газа на объектах ОАО "Газпром"
_eМатериалы Науч.-техн. совета ОАО "Газпром"(Санкт-Петербург, дек. 2001 г.)
_fОткрытое АО "Газпром", Информ.-рекл. центр газовой пром-сти (ООО "ИРЦ Газпром")
210 _aМ.
_cИРЦ Газпром
_d2002
215 _a126 с.
_cил.
_d21
320 _aБиблиогр. в конце ст.
606 0 _aЕстественные газы сжиженные
_jСъезды, совещания и т.п.
_xИспользование
_92267729
_3RU\NLR\auth\661359334
606 0 _aГазификация
_jСъезды, совещания и т.п.
_yРоссийская Федерация
_92269570
_3RU\NLR\auth\661360374
610 0 _aГазы сжиженные - Использование
675 _a665.725(082)
_v3
_zrus
686 _a61.51
_2rugasnti
686 _a31.354
_2rubbk
686 _aЛ547.23я431
686 _aУ9(2)-551.5(2Р)я431
711 0 2 _a"Газпром", российское акционерное общество
_bНаучно-технический совет
_3RU\NLR\AUTH\887314
_9286704
801 0 _aRU
_bRKP
_c20021016
_gPSBO
801 1 _aRU
_bRKP
_c20021016
801 2 _aRU
_bNLR
_c20030114
_grcr
942 _cBOOK
980 _aNB